00779nam a2200181 i 4500001000700000003000900007005001700016007000300033008004100036100003100077245020200108260005600310300002100366700004900387852002100436999001900457952012100476146040ES-MaACL20251007171611.0t|071018s1916 ag ||||1| spa d1 aVelarde, Carlos E.911370113aLa legislación minera en las repúblicas hispanoamericanas b: la propiedad minera : su origen, caracteres y condición resolutoria / cCarlos E. Velarde ; prólogo de Joaquín V. González. aBuenos Aires : bCompañía Sudamericana, c1916. a86 p. ; c19 cm.1 aGonzález, Joaquín V., d1863-1923958329 aES-MaACLjD-2049 c146040d146040 00104070aATENEOMbATENEOMcSVId2008-01-17eSCl0oD-2049p901152433r2023-02-23 00:00:00w2023-02-23yMONOGRAFIA